| 000 | 01117nam a2200229Ia 4500 | ||
|---|---|---|---|
| 001 | L330-23805 | ||
| 003 | IT-CnALBA | ||
| 008 | 170116s9999||||xx |||||||||||||| ||und|| | ||
| 040 |
_aIT-CnALBA _cIT-CnALBA |
||
| 041 | _aITALIANO | ||
| 100 | _aMARTINI GIANFRANCO | ||
| 245 | 0 | _aL'IMPIEGO DEL TEMPO LIBERO. | |
| 250 | _a1a ed. | ||
| 260 |
_aCINISELLO BALSAMO (MI) _bEDIZIONI PAOLINE _c1959 [1° Ed.:1959 - Ed.Ling.Originale: 1959] |
||
| 300 | _a208 p. | ||
| 500 | _aPROBLEMI DEL LAVORO. MITI CONTEMPORANEI. ATTIVITÀ DEL TEMPO LIBERO. SCELTE SPONTANEE E ORGANIZZATE. CULTURA EDUCAZIONE. VITA DEMOCRATICA E TEMPO LIBERO. VITA FAMILIARE. L'UOMO E IL TEMPO LIBERO. RASSEGNA BIBLIOGRAFICA. | ||
| 501 | _aSocietà San Paolo EM - Piazza San Paolo, 14 - 12051 ALBA (CN) (non commercial uses only) ® Copyright 2017 | ||
| 520 | _aPROBLEMI DEL LAVORO. MITI CONTEMPORANEI. ATTIVITÀ DEL TEMPO LIBERO. SCELTE SPONTANEE E ORGANIZZATE. CULTURA EDUCAZIONE. VITA DEMOCRATICA E TEMPO LIBERO. VITA FAMILIARE. L'UOMO E IL TEMPO LIBERO. RASSEGNA BIBLIOGRAFICA. | ||
| 650 | _aECONOMIA | ||
| 942 | _cBK | ||
| 957 | _71 | ||
| 999 |
_a28548 _bNO _g Copie: 1 _c282905 _d282905 |
||